<?xml version="1.0" encoding="UTF-8"?>
<record
    xmlns:xsi="http://www.w3.org/2001/XMLSchema-instance"
    xsi:schemaLocation="http://www.loc.gov/MARC21/slim http://www.loc.gov/standards/marcxml/schema/MARC21slim.xsd"
    xmlns="http://www.loc.gov/MARC21/slim">

  <leader>01105nam a22001937a 4500</leader>
  <datafield tag="952" ind1=" " ind2=" ">
    <subfield code="0">0</subfield>
    <subfield code="1">0</subfield>
    <subfield code="4">0</subfield>
    <subfield code="7">0</subfield>
    <subfield code="a">19</subfield>
    <subfield code="b">19</subfield>
    <subfield code="d">2014-10-01</subfield>
    <subfield code="l">0</subfield>
    <subfield code="o">LC177 M6 A36 2000</subfield>
    <subfield code="p">19 001723</subfield>
    <subfield code="r">2014-10-01</subfield>
    <subfield code="t">1</subfield>
    <subfield code="w">2014-10-01</subfield>
    <subfield code="y">LB</subfield>
  </datafield>
  <datafield tag="999" ind1=" " ind2=" ">
    <subfield code="c">94388</subfield>
    <subfield code="d">94388</subfield>
  </datafield>
  <controlfield tag="005">20231102151734.0</controlfield>
  <controlfield tag="008">130312t20032000mx ||||| |||| 00| 0 spa d</controlfield>
  <datafield tag="020" ind1=" " ind2=" ">
    <subfield code="a">9681662547</subfield>
  </datafield>
  <datafield tag="050" ind1="0" ind2="4">
    <subfield code="a">LC177.M6</subfield>
    <subfield code="b">A36</subfield>
  </datafield>
  <datafield tag="100" ind1=" " ind2=" ">
    <subfield code="a">Acosta Silva, Adri&#xE1;n</subfield>
    <subfield code="e">autor</subfield>
  </datafield>
  <datafield tag="245" ind1="1" ind2="0">
    <subfield code="a">Estado, Pol&#xED;ticas y Universidades en un periodo de transicion </subfield>
    <subfield code="c">Adrian Acosta Silvia</subfield>
  </datafield>
  <datafield tag="260" ind1=" " ind2=" ">
    <subfield code="a">Mexico</subfield>
    <subfield code="b">: Universidad de guadalajara-  Fondo de cultura economica</subfield>
    <subfield code="c">/ 2000</subfield>
  </datafield>
  <datafield tag="300" ind1=" " ind2=" ">
    <subfield code="a">357 p&#xE1;ginas</subfield>
  </datafield>
  <datafield tag="500" ind1=" " ind2=" ">
    <subfield code="a">Incluye &#xED;ndice y bibliograf&#xED;a</subfield>
  </datafield>
  <datafield tag="505" ind1=" " ind2=" ">
    <subfield code="a">El probea y sus alrededores 
Transici&#xF3;n y complejidad de la universidad p&#xFA;blica
El delicado sonido de los ensamblajes, 1982-1994
Fatiga y cambio. la reforma de la universidad de guadalajara
Ajustes radicales y diferenciaciones funcional. la reforma de la universidad  de sonara
La rebeli&#xF3;n antipopulista. La reforma en la universisdad Aut&#xF3;noma de puebla.
La reforma en perpectivas comparada</subfield>
  </datafield>
  <datafield tag="519" ind1=" " ind2=" ">
    <subfield code="a">Educaci&#xF3;n Mixta / </subfield>
    <subfield code="b">Pedagog&#xED;a / </subfield>
    <subfield code="c">Historia de la educaci&#xF3;n M&#xE9;xicana (B14-2) / </subfield>
    <subfield code="d">(19 0001723)</subfield>
  </datafield>
  <datafield tag="650" ind1="1" ind2="7">
    <subfield code="a">EDUCACI&#xD3;N SUPERIOR Y ESTADO - MEXICO</subfield>
  </datafield>
  <datafield tag="942" ind1=" " ind2=" ">
    <subfield code="c">LB</subfield>
  </datafield>
</record>
